000 00427nam a2200145Ia 4500
008 231129s2007||||xx |||||||||||||| ||spa||
020 _a958336496-7
040 _bspa
082 _aR 918.6126 ó83m
100 _aOsorio Anastasiu Jacques
245 0 _aMedellí­n desde el cielo = Medellí­n from the sky
260 _c2007
264 _aJacques Osorio Anastasiu
942 _2ddc
_cBKS
999 _c20843
_d20843